Oeuvres / (Record no. 186487)

MARC details
000 -LEADER
campo de control de longitud fija 00827nam a2200229 i 4500
001 - NÚMERO DE CONTROL
campo de control 186487
003 - IDENTIFICADOR DE NÚMERO DE CONTROL
campo de control SpMaBN
005 - FECHA Y HORA DE LA ÚLTIMA TRANSACCIÓN
campo de control 20260610142500.0
008 - DATOS DE LONGITUD FIJA--INFORMACIÓN GENERAL
campo de control de longitud fija 161117m19711980fr |||| |dfre d
080 ## - NÚMERO DE LA CLASIFICACIÓN DECIMAL UNIVERSAL
Número de la Clasificación Decimal Universal 821.133.1-82"19"
100 1# - ENTRADA PRINCIPAL--NOMBRE DE PERSONA
Nombre de persona Valéry, Paul,
Fechas asociadas al nombre 1871-1945
9 (RLIN) 243197
245 10 - MENCIÓN DEL TÍTULO
Título Oeuvres /
Mención de responsabilidad, etc. Paul Valéry ; édition établie et annotée par Jean Hytier.
260 ## - PUBLICACIÓN, DISTRIBUCIÓN, ETC.
Lugar de publicación, distribución, etc. [Paris] :
Nombre del editor, distribuidor, etc. Gallimard,
Fecha de publicación, distribución, etc. [1971-1980]
300 ## - DESCRIPCIÓN FÍSICA
Extensión 2 v. (1857 p.; 1670 p.) ;
Dimensiones 18 cm.
490 1# - MENCIÓN DE SERIE
Mención de serie Bibliothèque de la Pléiade ;
Designación de volumen o secuencia 127, 148
504 ## - NOTA DE BIBLIOGRAFÍA, ETC.
Nota de bibliografía, etc. Bibliografía: p. [1609]-1664.
595 ## -
-- v. 1 publ. en 1980; v. 2 publ. en 1971.
700 1# - ENTRADA AGREGADA--NOMBRE PERSONAL
Nombre de persona Hytier, Jean.
9 (RLIN) 161283
830 0# - PUNTO DE ACCESO ADICIONAL DE SERIE-TÍTULO UNIFORME
Título uniforme Bibliothèque de la Pléiade ;
Designación de volumen o secuencia 127, 148
9 (RLIN) 180233
852 ## - LOCALIZACIÓN
Ubicación ES-MaACL
Número de control de estantería L-30828-29
Nota libre - enc. guaflex
-- . - Donat. Miguel A. Velasco
Holdings
Estatus retirado Estado de pérdida Estado de daño No para préstamo Biblioteca de origen Biblioteca actual Ubicación en estantería Fecha de adquisición Fuente de adquisición Total de préstamos Signatura topográfica completa Código de barras Visto por última vez Precio de reemplazo Tipo de ítem Koha
        Biblioteca del Ateneo de Madrid Biblioteca del Ateneo de Madrid Depósito 2 17/11/2016     L-30828-29 1196652 23/02/2023 23/02/2023 Libro impreso